El presidente Thomas Woodrow Wilson : un estudio psicológico /

I tiakina i:
Ngā taipitopito rārangi puna kōrero
Kaituhi matua: Freud, Sigmund (autor)
Ētahi atu kaituhi: Bullitt, William C. (autor) (autor)
Hōputu: Pukapuka
Reo:Pāniora
I whakaputaina: Buenos Aires, Argentina : Letra Viva, 1973, c1973
Ngā marau:
Ngā Tūtohu: Tāpirihia he Tūtohu
Kāore He Tūtohu, Me noho koe te mea tuatahi ki te tūtohu i tēnei pūkete!

MARC

LEADER 00000nam^a2200000^a^4500
001 000595175
005 20250521000000.0
009 20260526153713.434
037 |a Acervo ITESO - Biblioteca 
041 |a ESP 
082 |a 150. 1952  |b FRE VAR PRE 
100 |a Freud, Sigmund  |e (autor) 
245 1 3 |a El presidente Thomas Woodrow Wilson :  |b un estudio psicológico /  |c S. Freud, W.C. Bullitt ; tr. por Elena Najlis. 
264 4 |a Buenos Aires, Argentina :  |b Letra Viva,  |c 1973, c1973 
300 |a 252 p. 
336 |a texto  |b txt  |2 rdacontenido 
337 |a sin mediación  |b n  |2 rdamedio 
338 |a volumen  |b nc  |2 rdasoporte 
500 |a Traducción de: Thomas Woodrow Wilson: twenty-eight President of the United States. A Psychological Study 
649 |a XX 
650 |a Jefes de Estado Norteamericanos 
650 |a Políticos Norteamericanos 
650 |a Personalidad 
650 |a Psicopatología 
650 |a Psicología Clínica 
650 |a Psicoanálisis 
650 |a Psicología 
650 |a Política -  |z EUA -  |x Historia -  |y 1901-1919 -  |x Aspectos Psicológicos 
650 |a EUA -  |x Historia -  |y 1901-1919 
650 |a EUA -  |x Historia -  |y Siglo XX 
650 |a Wilson, Thomas Woodrow -  |x Tema Principal 
700 |a Bullitt, William C.  |e (autor) 
910 |a Fondo Castillo-Martínez 
920 |a Impresos - Libros 
930 |a Fondos Especiales 
905 |a 127 
901 |a 595175-10  |b IT2  |c ESP  |i D128059  |u 20250521 
902 |a https://opac.biblio.iteso.mx/vufind/Record/000595175